| 000 | 00814nam a2200265 a 4500 | ||
|---|---|---|---|
| 001 | 000014362 | ||
| 005 | 20200929163606.0 | ||
| 008 | 091210s2001 sp a 000 d spa d | ||
| 020 | _a8466303960 | ||
| 040 |
_aDO-SdBNP _bspa _cBNPHU |
||
| 082 |
_a842.42 _bM721tart |
||
| 100 | 1 |
_aMolière, _d1622-1673 _913395 |
|
| 245 | 1 | 0 |
_aTartufo ; el avaro / _cMolière ; traducción de Julio Gómez de la Serna. |
| 260 |
_aMadrid : _bSuma de Letras, _c2001. |
||
| 300 |
_a425, [4] p. : _bil. ; _c18 cm. |
||
| 490 | 1 |
_aPunto de lectura _v300/12 |
|
| 650 | 4 |
_aTeatro francés _95359 |
|
| 650 | 4 |
_aComedia francesa _913396 |
|
| 650 | 4 |
_aLiteratura francesa _91074 |
|
| 740 | 3 | 2 | _aEl avaro |
| 700 | 1 |
_aGómez de la Serna, Julio, _etr. _912818 |
|
| 830 | 0 |
_aPunto de lectura ; _v300/12 _93047 |
|
| 910 | _aWM | ||
| 049 | _aBNGR | ||
| 999 |
_c13954 _d13954 |
||